01345nam a2200337 a 4500001001000000003000900010005001700019007001000036008004100046020001800087040002200105082001700127100002900144245008300173246004200256260006100298300002200359490002800381650002000409650002400429700002500453830002700478910003700505942001200542945002200554952012100576952012800697952012900825956003800954999001500992000044259DO-SdBNP20180402130625.0000044259110921s2007 dr a 000 0 spa d a9789945406627 aBPMSUbspacBPMSU a843.8bV531v1 aVerne, Jules,d1828-190510a20.000 lenguas de viaje submarino /cJulio Verne ;ilustraciones José Lovera.13aVeinte mil leguas de viaje submarino  aSanto Domingo :bTopogán,c1994g(reimpresión, 2007) a163 p. ;c23 cm.1 aClásicos universales  4aNOVELA FRANCESA 4aLITERATURA FRANCESA1 aLovera, José.eil. 0aClásicos universales aValidado. Control de calidad MFF 2ddccBK ainventariado / DG 00102ddc40708CDaBPMETbBPMETd2015-02-18eDonaciónl0o843.8 V531vpBPMSU15041375r2015-02-18w2015-02-18yBK 00102ddc40708CDaBPMETbBPMETd2015-05-08eDonaciónl0o843.8 V531vpBPMSU15051635r2015-05-08tej. 2w2015-05-08yBK 00102ddc40708CDaBPMETbBPMETd2017-01-17eDonaciónl0o843.8 V531vpBPMSU17010714r2017-01-17tej. 3w2017-01-17yBK aVMATEOb10c20140611lBPMSUh1201 c7440d7440